Buddhism / (Record no. 671969)
[ view plain ]
| 000 -LEADER | |
|---|---|
| fixed length control field | 00970nam a2200313 a 4500 |
| 001 - CONTROL NUMBER | |
| control field | vtls000823522 |
| 003 - CONTROL NUMBER IDENTIFIER | |
| control field | NLI |
| 005 - DATE AND TIME OF LATEST TRANSACTION | |
| control field | 20210627055920.0 |
| 008 - FIXED-LENGTH DATA ELEMENTS--GENERAL INFORMATION | |
| fixed length control field | 110331s1962 enkac 001 0 eng |
| 039 #9 - LEVEL OF BIBLIOGRAPHIC CONTROL AND CODING DETAIL [OBSOLETE] | |
| -- | 201103312013 |
| -- | Datasoft |
| 040 0# - CATALOGING SOURCE | |
| Original cataloging agency | NLI |
| Language of cataloging | eng |
| Transcribing agency | Retro_DSC 1 |
| Description conventions | AACR2 |
| 041 0# - LANGUAGE CODE | |
| Language code of text/sound track or separate title | eng |
| 044 ## - COUNTRY OF PUBLISHING/PRODUCING ENTITY CODE | |
| MARC country code | enk |
| 082 04 - DEWEY DECIMAL CLASSIFICATION NUMBER | |
| Classification number | 294.3 |
| 100 1# - MAIN ENTRY--PERSONAL NAME | |
| Personal name | Humphreys, Christmas, |
| Dates associated with a name | 1901-1983 |
| 9 (RLIN) | 803680 |
| 245 10 - TITLE STATEMENT | |
| Title | Buddhism / |
| Statement of responsibility, etc. | Christmas Humphreys |
| 250 ## - EDITION STATEMENT | |
| Edition statement | [Rev. ed.] |
| 260 ## - PUBLICATION, DISTRIBUTION, ETC. | |
| Place of publication, distribution, etc. | London : |
| Name of publisher, distributor, etc. | Cassell, |
| Date of publication, distribution, etc. | 1962 |
| 300 ## - PHYSICAL DESCRIPTION | |
| Extent | 255 p. : |
| Other physical details | ill., ports. ; |
| Dimensions | 21 cm. |
| 440 #4 - SERIES STATEMENT/ADDED ENTRY--TITLE | |
| Title | The Belle sauvage library |
| 9 (RLIN) | 696465 |
| 504 ## - BIBLIOGRAPHY, ETC. NOTE | |
| Bibliography, etc. note | Includes bibliographical references and index |
| 650 #0 - SUBJECT ADDED ENTRY--TOPICAL TERM | |
| Topical term or geographic name entry element | Buddha and Buddhism |
| General subdivision | History |
| 9 (RLIN) | 797576 |
| 710 2# - ADDED ENTRY--CORPORATE NAME | |
| Corporate name or jurisdiction name as entry element | Jadunath Sarkar Collection (National Library, India) |
| 9 (RLIN) | 797740 |
| 887 ## - NON-MARC INFORMATION FIELD | |
| Content of non-MARC field | |
| 901 ## - LOCAL DATA ELEMENT A, LDA (RLIN) | |
| a | J. S. 721 |
| b | 15.4.1972 |
| 902 ## - LOCAL DATA ELEMENT B, LDB (RLIN) | |
| a | J.S 294.3 H 888 |
| 949 ## - LOCAL PROCESSING INFORMATION (OCLC) | |
| -- | VIRTUAITEM |
| -- | 10000 |
| -- | 100 |
| 6 | GJS000000721ENG |
| 942 ## - ADDED ENTRY ELEMENTS (KOHA) | |
| Source of classification or shelving scheme | Dewey Decimal Classification |
| Koha item type | Books |
| Withdrawn status | Lost status | Damaged status | Not for loan | Collection code | Home library | Current library | Shelving location | Date acquired | Total Checkouts | Full call number | Barcode | Date last seen | Price effective from | Koha item type |
|---|---|---|---|---|---|---|---|---|---|---|---|---|---|---|
| JadunathSarkar Collection | National Library of India | National Library of India | Jadunath Sarkar Collection - Main Stack Division | J.S 294.3 H 888 | GJS000000721ENG | 27/06/2021 | 27/06/2021 | Books |
